000 00306nam a2200097 a 4500
005 20201002045953.0
008 150210s1973 000 spa d
245 0 _aRecuerdo de la Inauguración de la Presa Hidroelectrica de Tavera.
260 _aSanto Domingo, República Dominicana,
_c1973.
999 _c44699
_d44699
040 _aDO-SdBNP